|
|
|
|
| LEADER |
01133nam a2200325 4500 |
| 001 |
000015329 |
| 003 |
11706 |
| 005 |
20120525150543.0 |
| 008 |
120525s2007 viesd |
| 041 |
0 |
|
|a vie
|
| 082 |
|
|
|a 407
|b NG-C
|
| 100 |
0 |
|
|a Ngô Văn Cảnh
|
| 245 |
|
0 |
|a Vận dụng lí thuyết kiến tạo vào quá trình dạy học, kiểm tra, đánh giá học phần ngữ pháp tiếng Việt
|c Ngô Văn Cảnh
|
| 260 |
|
|
|a H.
|b Đại học Sư phạm
|c 2007
|
| 300 |
|
|
|a 224 tr.
|c 24 cm
|
| 500 |
|
|
|a Sách trợ giúp giảng viên Cao đẳng Sư phạm
|
| 653 |
|
|
|a Lí thuyết
|
| 653 |
|
|
|a Kiến tạo
|
| 653 |
|
|
|a Dạy học
|
| 653 |
|
|
|a Kiểm tra
|
| OWN |
|
|
|a LSP
|
| AVA |
|
|
|a UDN50
|b LSP
|d 407 NG-C
|e available
|t Error 5001 Not defined in file expand_doc_bib_avail.
|f 5
|g 0
|h N
|i 0
|k 1
|
| 999 |
|
|
|a From the UDN01
|
| AVA |
|
|
|a UDN50
|b LSP
|d 407 NG-C
|e available
|t Error 5001 Not defined in file expand_doc_bib_avail.
|f 5
|g 0
|h N
|i 0
|k 1
|
| TYP |
|
|
|a Monograph
|
| TYP |
|
|
|a Printed language
|
| 980 |
|
|
|a Mạng thư viện Đại học Đà Nẵng
|